00856naa#a2200169#i#4500001001600000005001700016011001400033100004100047102000700088200020200095210011900297215001000416608004500426675013900471700005200610856002400662RU\\bibl\12074920260511223703.1##a2687-0185##a20251202b2025####ek#y0rusy0150####ca##aRU1#aАдминистративный арест в системе административных наказаний: вопросы теории и практикиeЖурнальная статья1#aМоскваcМосковский университет МВД России имени В.Я. Кикотяd2025##a3 с.##aЖурнальная статья2local##aГосударственное право. Конституционное право. Административное право. 342#1aРастяпинgЮрий Викторович4#amosumvd.editorum.ru